000 00279nam a22001217a 4500
008 181030b xxu||||| |||| 00| 0 eng d
041 _aeng
080 _23 ED
_a316
100 _a50
101 _aSOC
245 _aAn Autors Guide Social Journals
_cHenry.N.M
942 _2udc
_cBK
999 _c51187
_d51187